Enfermedades de las vías digestivas / (Record no. 153385)

MARC details
000 -LEADER
campo de control de longitud fija 00930nam a2200217 i 4500
001 - NÚMERO DE CONTROL
campo de control 153385
003 - IDENTIFICADOR DE NÚMERO DE CONTROL
campo de control ES-MaACL
005 - FECHA Y HORA DE LA ÚLTIMA TRANSACCIÓN
campo de control 20250806070428.0
008 - DATOS DE LONGITUD FIJA--INFORMACIÓN GENERAL
campo de control de longitud fija 000424s1880 sp |||| | spa d
040 ## - FUENTE DE CATALOGACIÓN
Centro catalogador/agencia de origen CAM
Lengua de catalogación spa
Centro/agencia transcriptor CAM
100 0# - ENTRADA PRINCIPAL--NOMBRE DE PERSONA
Nombre de persona Damaschino, François-Theodore.
9 (RLIN) 42552
245 10 - MENCIÓN DEL TÍTULO
Título Enfermedades de las vías digestivas /
Mención de responsabilidad, etc. lecciones dadas en la Facultad de Medicina de París por F. Damaschino ; versión española del Dr. Carreras Sanchís.
260 ## - PUBLICACIÓN, DISTRIBUCIÓN, ETC.
Lugar de publicación, distribución, etc. Madrid :
Nombre del editor, distribuidor, etc. [s.n.],
Fecha de publicación, distribución, etc. 1880 (
Fabricante Establecimiento tip. de Enrique Teodoro)
300 ## - DESCRIPCIÓN FÍSICA
Extensión 584 p. ;
Dimensiones 24 cm.
490 1# - MENCIÓN DE SERIE
Mención de serie Biblioteca Económica de Medicina y Cirujía
650 #4 - PUNTO DE ACCESO ADICIONAL DE MATERIA--TÉRMINO DE MATERIA
Término de materia o nombre geográfico como elemento de entrada Aparato digestivo-
Subdivisión general Enfermedades.
9 (RLIN) 9906
700 0# - ENTRADA AGREGADA--NOMBRE PERSONAL
Nombre de persona Carreras Sanchís, Manuel.
9 (RLIN) 35680
830 0# - PUNTO DE ACCESO ADICIONAL DE SERIE-TÍTULO UNIFORME
Título uniforme Biblioteca económica de medicina y cirujía
9 (RLIN) 186248
852 ## - LOCALIZACIÓN
Ubicación ES-MaACL
Número de control de estantería B-12701
Nota libre -- Enc. pasta española
-- -- Legado Gustavo Saenz Diez
Holdings
Estatus retirado Estado de pérdida Estado de daño No para préstamo Colección Biblioteca de origen Biblioteca actual Ubicación en estantería Fecha de adquisición Fuente de adquisición Total de préstamos Signatura topográfica completa Código de barras Visto por última vez Precio de reemplazo Tipo de ítem Koha
        Libros del s. XIX Biblioteca del Ateneo de Madrid Biblioteca del Ateneo de Madrid Sala Pardo Bazán 17/01/2008     B-12701 1160300 23/02/2023 23/02/2023 Libro impreso antiguo